000 00687nam a22001935i 4500
001 156996
003 ES-MaACL
005 20230906210543.0
008 990121s1893 ve |||| | spa d
040 _aCCPB | B
_bspa
_cCCPB | B
100 1 _aLandaeta Rosales, Manuel.
_9128652
245 1 3 _aEl retrato moral del General Joaquín Crespo /
_c[Manuel Landaeta Rosales].
260 _a[S.l. :
_bs.n.,
_cs.a.] (
_fImprenta Bolívar)
300 _a6 p. ;
_c22 cm.
594 1 _aAutor consta en fin de texto.
596 1 _aTexto fechado en Caracas, 4 de julio de 1893.
600 1 4 _aCrespo, Joaquín-
_vBiografías.
_9126638
852 _aES-MaACL
_jT-814-F-7
_z-- Enc. en un vol. facticio
999 _c156996
_d156996